000 00976nam a2200253 u 4500
001 000025440
005 20200930023805.0
008 110216s1975 dr r 000 0 spa d
020 _a8429170502
040 _aDO-SdBNP
_bspa
_cBNPHU
041 1 7 _aspa
_heng
_2Código de idiomas MARC
082 _ann*
_bnn*
100 1 _aBird, R. Byron.
_952042
240 1 0 _aTransport phenomera.
_lEspañol
245 1 0 _aFenómenos de transporte :
_bun estudio sistemático de los fundamentos de transporte de materia, energía y cantidad de movimiento /
_cR. Byron Bird, Warren E. Stewart y Edwin N. Lightfoot ; traducción de Fidel Mato Vázquez.
260 _aBarcelona :
_bReverté,
_c1975.
300 _a22-29, A-71 p. :
_bil. ;
_c21 cm.
534 _aTítulo de la obra original :
_tTransport phenomera
500 _aIncluye índice.
700 1 _aStewart, Warren E.
_952043
700 1 _aLightfoot, Edwin N.
_952044
700 1 _aMato Vázquez, Fidel,
_etr.
_952045
049 _aBNGR
999 _c24932
_d24932